| 000 | 00788nam a2200217 a 4500 | ||
|---|---|---|---|
| 003 | BD-JhCC | ||
| 005 | 20230712094000.0 | ||
| 008 | 230712s2019 bg |||| |||| 000 0 ben d | ||
| 020 | _a9847019000258 | ||
| 035 | _a(BD-JhCC) | ||
| 040 |
_aBD-JhCC _dBD-JhCC |
||
| 041 | _aben | ||
| 082 |
_a923 _bHOS 2019 |
||
| 100 | _aহোসাইন, মহসিন | ||
| 245 |
_aজীবনের জলরঙ : _bশিল্পি সুলতানের আত্মকথা / _cমহসিন হোসাইন |
||
| 260 |
_aঢাকা : _bমনন প্রকাশ, _c২০১৯ |
||
| 300 |
_a১৯১ পৃ. : _bচিত্রাবলী; _c২১ সেমি. |
||
| 600 | _aসুলতান, শেখ মোহাম্মদ | ||
| 650 | _aBiography | ||
| 942 |
_2ddc _cBK |
||
| 999 |
_c13137 _d13137 |
||